[Event "VL 2016/17"]
[Site "Mecklenburg/Vorpommern"]
[Date "2016.11.20"]
[Round "3.3"]
[White "Herde, Dittmar"]
[Black "Wolke, Heiko"]
[Result "0-1"]
[WhiteElo "1829"]
[BlackElo "1964"]
[PlyCount "68"]
[EventType "team-tourn"]
[EventRounds "9"]
[SourceDate "2016.10.16"]
[WhiteTeam "SSC Rostock II"]
[BlackTeam "SF Ostsee Warnemünde"]

1. d4 Nf6 2. c4 c5 3. d5 e6 4. Nc3 exd5 5. cxd5 d6 6. Bg5 Be7 7. Qd2 Bf5 8.
Bxf6 Bxf6 9. e3 O-O 10. Bd3 Bxd3 11. Qxd3 a6 12. a4 Qa5 13. Ra3 Qb4 14. Qc2 Qg4
15. f3 Qh5 16. e4 Nd7 17. Nh3 Ne5 18. Ne2 b5 19. O-O Nc4 20. Rd3 Nxb2 21. Rd2
Nxa4 22. f4 Nb6 23. Ng3 Qg4 24. Nf5 Nc4 25. Rd3 Rfe8 26. Rg3 Qh5 27. Ng5 h6 28.
Rh3 Qg6 29. Nh4 Bd4+ 30. Kh1 Qf6 31. e5 Nxe5 32. Nh7 Qd8 33. fxe5 Rxe5 34. Nf6+
Qxf6 0-1

[Event "VL 2016/17"]
[Site "Mecklenburg/Vorpommern"]
[Date "2016.11.20"]
[Round "3.4"]
[White "Hamann, Dirk"]
[Black "Nour, Alaa"]
[Result "1-0"]
[WhiteElo "1879"]
[BlackElo "2008"]
[PlyCount "91"]
[EventType "team-tourn"]
[EventRounds "9"]
[SourceDate "2016.10.16"]
[WhiteTeam "SF Ostsee Warnemünde"]
[BlackTeam "SSC Rostock II"]

1. e4 e6 2. d4 d5 3. Nc3 Nf6 4. Bg5 Be7 5. e5 Nfd7 6. h4 f6 7. exf6 Nxf6 8. Nf3
O-O 9. Bd3 Nbd7 10. Qe2 Nb6 11. O-O-O c5 12. dxc5 Bxc5 13. h5 h6 14. Bh4 Bd7
15. Ne5 Rc8 16. Nxd7 Qxd7 17. Rhe1 Bb4 18. Qxe6+ Qxe6 19. Rxe6 Bxc3 20. bxc3
Rxc3 21. Bg6 Nbd7 22. Re7 Rd8 23. Rde1 Rf8 24. Bxf6 Nxf6 25. Rxb7 Ne4 26. f3
Nc5 27. Rxa7 Rc8 28. Kd2 Rc4 29. Ree7 Rd4+ 30. Ke1 Na4 31. Rxg7+ Kh8 32. Rh7+
Kg8 33. Rhg7+ Kh8 34. Rge7 Nc3 35. Rh7+ Kg8 36. Rhg7+ Kh8 37. Rh7+ Kg8 38.
Rag7+ Kf8 39. Rf7+ Kg8 40. Rxh6 Re8+ 41. Kf2 Re2+ 42. Kg3 Rdd2 43. Rb7 Rxg2+
44. Kf4 Rxg6 45. Rxg6+ Kh8 46. Kg5 1-0

[Event "VL 2016/17"]
[Site "Mecklenburg/Vorpommern"]
[Date "2016.11.20"]
[Round "3.5"]
[White "Menkhaus, Wolf Dieter"]
[Black "Schmidt, Reinhard"]
[Result "1-0"]
[WhiteElo "1800"]
[BlackElo "1786"]
[PlyCount "25"]
[EventType "team-tourn"]
[EventRounds "9"]
[SourceDate "2016.10.16"]
[WhiteTeam "SSC Rostock II"]
[BlackTeam "SF Ostsee Warnemünde"]

1. d4 Nf6 2. c4 e5 3. dxe5 Ng4 4. Bf4 Bb4+ 5. Nc3 Nc6 6. Nf3 Qe7 7. Qb3 Bc5 8.
e3 Ngxe5 9. Nxe5 Nxe5 10. Nd5 Qd6 11. Qc3 f6 12. Rd1 O-O 13. b4 1-0

[Event "VL 2016/17"]
[Site "Mecklenburg/Vorpommern"]
[Date "2016.11.20"]
[Round "3.6"]
[White "Staben, Norbert"]
[Black "Modrow, Andreas"]
[Result "1/2-1/2"]
[WhiteElo "1689"]
[BlackElo "1619"]
[PlyCount "27"]
[EventType "team-tourn"]
[EventRounds "9"]
[SourceDate "2016.10.16"]
[WhiteTeam "SF Ostsee Warnemünde"]
[BlackTeam "SSC Rostock II"]

1. d4 g6 2. c4 Nf6 3. Nc3 Bg7 4. e4 d6 5. f3 O-O 6. Be3 Nbd7 7. Qd2 e5 8. d5
Nb6 9. O-O-O Qe7 10. Bh6 Ne8 11. g4 f6 12. h4 Bxh6 13. Qxh6 Qg7 14. Qxg7+
1/2-1/2

[Event "VL 2016/17"]
[Site "Mecklenburg/Vorpommern"]
[Date "2016.11.20"]
[Round "3.7"]
[White "Bardosch, Karl"]
[Black "Vladov, Mark"]
[Result "1-0"]
[WhiteElo "1662"]
[BlackElo "1619"]
[PlyCount "77"]
[EventType "team-tourn"]
[EventRounds "9"]
[SourceDate "2016.10.16"]
[WhiteTeam "SSC Rostock II"]
[BlackTeam "SF Ostsee Warnemünde"]

1. e4 g6 2. Nc3 Bg7 3. Bc4 Nc6 4. d3 d6 5. Be3 Nf6 6. h3 O-O 7. Qd2 Na5 8. Bb3
b6 9. Bh6 Re8 10. Bxg7 Kxg7 11. f4 e6 12. Nf3 Bb7 13. Rf1 Nxb3 14. axb3 a5 15.
O-O-O d5 16. e5 Nd7 17. d4 Ba6 18. Rh1 c5 19. h4 c4 20. h5 cxb3 21. cxb3 Rh8
22. g4 b5 23. f5 Rc8 24. hxg6 hxg6 25. Rxh8 Qxh8 26. fxe6 fxe6 27. Kb1 b4 28.
Ne2 Qh3 29. Ng5 Qxg4 30. Nf4 Rc6 31. Nfxe6+ Rxe6 32. Nxe6+ Qxe6 33. Rh1 Qf5+
34. Ka2 g5 35. Qh2 Qg6 36. Qh8+ Kf7 37. Rh6 Bd3 38. Rxg6 Bxg6 39. Qd8 1-0

[Event "VL 2016/17"]
[Site "Mecklenburg/Vorpommern"]
[Date "2016.11.20"]
[Round "3.8"]
[White "Staben, Thomas"]
[Black "Wurst, Benedikt"]
[Result "1-0"]
[WhiteElo "1591"]
[BlackElo "1575"]
[PlyCount "89"]
[EventType "team-tourn"]
[EventRounds "9"]
[SourceDate "2016.10.16"]
[WhiteTeam "SF Ostsee Warnemünde"]
[BlackTeam "SSC Rostock II"]

1. e4 e5 2. Nf3 Nc6 3. Bc4 Bc5 4. O-O d6 5. c3 Nf6 6. b4 Bb6 7. d3 h6 8. a4 a6
9. Qb3 O-O 10. h3 Qe7 11. Nh4 Kh8 12. Nf3 Be6 13. Na3 Rfd8 14. Bxe6 Qxe6 15.
Qxe6 fxe6 16. Nc4 Ne7 17. Nxb6 cxb6 18. c4 Ng6 19. Be3 Nd7 20. g3 Rf8 21. Kg2
Rf7 22. a5 Raf8 23. Nd2 bxa5 24. Rxa5 Ne7 25. b5 Nb8 26. Rb1 Nc8 27. bxa6 Nxa6
28. Rab5 Nc5 29. Bxc5 dxc5 30. Rf1 Rd7 31. Nf3 Kg8 32. Nxe5 Rc7 33. f4 Nd6 34.
Rb6 Nf7 35. Rxe6 Nxe5 36. Rxe5 Rd7 37. Rd5 Rxd5 38. exd5 Ra8 39. Rd1 Ra2+ 40.
Kf3 Kf7 41. Rb1 b6 42. Rxb6 Rd2 43. Rc6 Rxd3+ 44. Kg4 g6 45. Rxc5 1-0

[Event "VL 2016/17"]
[Site "Mecklenburg/Vorpommern"]
[Date "2016.11.20"]
[Round "3.1"]
[White "Csillag, Istvan"]
[Black "Roehl, Rainer"]
[Result "0-1"]
[WhiteElo "1986"]
[BlackElo "2082"]
[PlyCount "73"]
[EventType "team-tourn"]
[EventRounds "9"]
[SourceDate "2016.10.16"]
[WhiteTeam "SG Neubrandenburg"]
[BlackTeam "SF Schwerin II"]

1. d4 Nf6 2. Nf3 e6 3. Bf4 d5 4. Nbd2 Bd6 5. Bg5 Be7 6. h3 b6 7. e3 Bb7 8. Bd3
Nbd7 9. O-O O-O 10. Qe2 Ne4 11. Bf4 Bd6 12. c3 Qf6 13. Bxd6 cxd6 14. Bb5 Qe7
15. Rac1 Rfc8 16. Ba6 Ndf6 17. Rc2 Rab8 18. Rfc1 Bxa6 19. Qxa6 b5 20. b3 Qb7
21. Qxb7 Rxb7 22. Nb1 Rbc7 23. Ne1 Nd7 24. f3 Nef6 25. Kf2 Nb6 26. Ke2 Kf8 27.
Kd3 e5 28. e4 Re8 29. dxe5 Rxe5 30. Re2 Nh5 31. Ke3 dxe4 32. fxe4 Re8 33. Rd1
Ng3 34. Rc2 f5 35. Kf2 Nh5 36. g4 Nf6 37. Ng2 {Rest nicht zu entziffern} 0-1

[Event "VL 2016/17"]
[Site "Mecklenburg/Vorpommern"]
[Date "2016.11.20"]
[Round "3.3"]
[White "Rossmann, Andreas"]
[Black "Wagner, Ralph"]
[Result "1/2-1/2"]
[WhiteElo "1919"]
[BlackElo "2063"]
[PlyCount "28"]
[EventType "team-tourn"]
[EventRounds "9"]
[SourceDate "2016.10.16"]
[WhiteTeam "SG Neubrandenburg"]
[BlackTeam "SF Schwerin II"]

1. Nf3 d5 2. d4 Nf6 3. c4 c6 4. cxd5 cxd5 5. Nc3 Nc6 6. Bf4 Bg4 7. e3 a6 8. Be2
e6 9. O-O Be7 10. h3 Bh5 11. Rc1 O-O 12. Ne5 Bxe2 13. Nxc6 Bxd1 14. Nxd8 Rfxd8
1/2-1/2

[Event "VL 2016/17"]
[Site "Mecklenburg/Vorpommern"]
[Date "2016.11.20"]
[Round "3.4"]
[White "Hornych, Christoph"]
[Black "Kunow, Frank"]
[Result "1-0"]
[WhiteElo "2035"]
[BlackElo "1891"]
[PlyCount "45"]
[EventType "team-tourn"]
[EventRounds "9"]
[SourceDate "2016.10.16"]
[WhiteTeam "SF Schwerin II"]
[BlackTeam "SG Neubrandenburg"]

1. e4 g6 2. d4 Bg7 3. Nf3 d6 4. Bc4 e6 5. O-O Ne7 6. Bg5 h6 7. Be3 O-O 8. Nc3
d5 9. Bd3 dxe4 10. Bxe4 Nd7 11. Qd2 Kh7 12. Rad1 Nf6 13. Bd3 Ned5 14. Ne2 b6
15. c4 Nxe3 16. fxe3 Bb7 17. Qc2 Ng4 18. Qc1 Qe7 19. h3 Nf6 20. Qb1 Nd7 21. Nf4
Qe8 22. Nh4 Kg8 23. Nfxg6 1-0

[Event "VL 2016/17"]
[Site "Mecklenburg/Vorpommern"]
[Date "2016.11.20"]
[Round "3.5"]
[White "Witkowski, Rainer"]
[Black "Westphal, Wolfgang"]
[Result "1/2-1/2"]
[WhiteElo "1858"]
[BlackElo "2057"]
[PlyCount "67"]
[EventType "team-tourn"]
[EventRounds "9"]
[SourceDate "2016.10.16"]
[WhiteTeam "SG Neubrandenburg"]
[BlackTeam "SF Schwerin II"]

1. e4 d5 2. exd5 Qxd5 3. Nc3 Qd6 4. d4 Nf6 5. h3 a6 6. Nf3 g6 7. Bd3 Bg7 8. O-O
O-O 9. Ne4 Nxe4 10. Bxe4 Rd8 11. c3 Nc6 12. Bg5 Be6 13. Re1 h6 14. Bh4 Qd7 15.
Qc2 Re8 16. Bg3 Rac8 17. Rad1 Bd5 18. b3 e6 19. Bf4 f5 20. Bxd5 exd5 21. Ne5
Nxe5 22. Bxe5 Bxe5 23. Rxe5 Rxe5 24. dxe5 Qe6 25. Qd2 Qxe5 26. Qxh6 Kf7 27.
Qh7+ Kf6 28. Qd7 Re8 29. Rxd5 Qe1+ 30. Kh2 Re7 31. Qd8 Qxf2 32. Qh8+ Kf7 33.
Qh7+ Kf6 34. Qh8+ 1/2-1/2

[Event "VL 2016/17"]
[Site "Mecklenburg/Vorpommern"]
[Date "2016.11.20"]
[Round "3.6"]
[White "Hasselmann, Dieter"]
[Black "Winkler, Karl"]
[Result "1-0"]
[WhiteElo "2028"]
[BlackElo "1844"]
[PlyCount "93"]
[EventType "team-tourn"]
[EventRounds "9"]
[SourceDate "2016.10.16"]
[WhiteTeam "SF Schwerin II"]
[BlackTeam "SG Neubrandenburg"]

1. e4 Nf6 2. e5 Nd5 3. d4 d6 4. Nf3 Bg4 5. Bc4 e6 6. O-O Be7 7. Qe2 Nb6 8. Bb3
Nc6 9. Rd1 Bg5 10. Nc3 Bxc1 11. Raxc1 d5 12. Rd2 O-O 13. Nd1 Na5 14. Ne3 Nxb3
15. axb3 Bxf3 16. Qxf3 Rc8 17. Qg3 f5 18. exf6 Qxf6 19. Re1 Qf4 20. Qxf4 Rxf4
21. g3 Rf6 22. Ng4 Rg6 23. Ne5 Rf6 24. Nd3 Nd7 25. Rde2 Kf7 26. b4 a6 27. h4 h6
28. Nf4 Nf8 29. h5 b6 30. Ra1 Ra8 31. Re3 g5 32. hxg6+ Nxg6 33. Nxg6 Kxg6 34.
Rae1 Kf7 35. Rc3 Ra7 36. Ra1 Ke7 37. Rca3 Kd6 38. Rxa6 Rxa6 39. Rxa6 Kc6 40.
Ra7 Rf7 41. c3 Rf3 42. Kf1 h5 43. Ke2 Rf7 44. Ra1 Kb5 45. b3 c5 46. dxc5 bxc5
47. Ra5+ 1-0

[Event "VL 2016/17"]
[Site "Mecklenburg/Vorpommern"]
[Date "2016.11.20"]
[Round "3.7"]
[White "Baier, Karsten"]
[Black "Wandel, Bernd"]
[Result "1/2-1/2"]
[WhiteElo "1839"]
[BlackElo "1982"]
[PlyCount "81"]
[EventType "team-tourn"]
[EventRounds "9"]
[SourceDate "2016.10.16"]
[WhiteTeam "SG Neubrandenburg"]
[BlackTeam "SF Schwerin II"]

1. d4 Nf6 2. c4 g6 3. Nc3 Bg7 4. e4 d6 5. Nf3 O-O 6. Be2 Nbd7 7. O-O e5 8. d5
Nc5 9. Qc2 a5 10. h3 Nh5 11. Be3 b6 12. a3 a4 13. Nd2 Nf4 14. Bxf4 exf4 15.
Rfe1 f5 16. Bf3 g5 17. exf5 Bxf5 18. Nce4 Qd7 19. Nxc5 bxc5 20. Be4 Rab8 21.
Rab1 h5 22. Bxf5 Qxf5 23. Qxf5 Rxf5 24. b3 g4 25. bxa4 Ra8 26. Re7 Re5 27. Rxe5
Bxe5 28. hxg4 hxg4 29. Kf1 Kf7 30. Ke2 Kg6 31. Kd3 Bd4 32. f3 g3 33. Rb7 Rxa4
34. Nb1 Ra8 35. Rxc7 Rb8 36. Nd2 Rb2 37. Rd7 Be5 38. a4 Ra2 39. Ra7 Ra3+ 40.
Kc2 Ra2+ 41. Kd3 1/2-1/2

[Event "VL 2016/17"]
[Site "Mecklenburg/Vorpommern"]
[Date "2016.11.20"]
[Round "3.8"]
[White "Kross, Gunnar"]
[Black "Suckow, Ingo"]
[Result "1-0"]
[WhiteElo "1979"]
[BlackElo "1748"]
[PlyCount "65"]
[EventType "team-tourn"]
[EventRounds "9"]
[SourceDate "2016.10.16"]
[WhiteTeam "SF Schwerin II"]
[BlackTeam "SG Neubrandenburg"]

1. d4 d6 2. Nf3 Nf6 3. c4 g6 4. Nc3 Bg7 5. e4 O-O 6. Be2 Bg4 7. h3 Bxf3 8. Bxf3
Nc6 9. O-O e5 10. d5 Nd4 11. Be3 Nxf3+ 12. Qxf3 Nd7 13. Rac1 f5 14. b4 a5 15.
a3 axb4 16. axb4 Ra3 17. Qd1 f4 18. Bd2 f3 19. g3 h5 20. Nb5 Ra8 21. c5 dxc5
22. bxc5 Nf6 23. Qxf3 Qd7 24. Rb1 Kh7 25. Qg2 Ra4 26. f3 Rfa8 27. Nc3 R4a7 28.
Kh2 Bf8 29. Be3 Ra3 30. Rfc1 Qd8 31. Rxb7 Nd7 32. d6 cxd6 33. c6 1-0

[Event "VL 2016/17"]
[Site "Mecklenburg/Vorpommern"]
[Date "2016.12.04"]
[Round "4.1"]
[White "Pruesse, Horst"]
[Black "Littke, Helmut"]
[Result "1/2-1/2"]
[WhiteElo "2040"]
[BlackElo "1967"]
[PlyCount "91"]
[EventType "team-tourn"]
[EventRounds "9"]
[SourceDate "2016.10.16"]
[WhiteTeam "SG Neubrandenburg"]
[BlackTeam "ASV Wismar"]

1. e4 c5 2. Nc3 d6 3. f4 Nf6 4. Nf3 Nc6 5. Bb5 Bd7 6. d3 Nd4 7. Nxd4 cxd4 8.
Bxd7+ Qxd7 9. Ne2 e5 10. O-O Be7 11. Bd2 O-O 12. Ng3 g6 13. c4 Ne8 14. f5 f6
15. h4 Rf7 16. Nh1 Ng7 17. g4 gxf5 18. gxf5 Kh8 19. Kh2 Rg8 20. Rg1 Ne8 21.
Rxg8+ Kxg8 22. Qh5 Bf8 23. Nf2 Kh8 24. Qf3 Rg7 25. h5 Rg8 26. h6 Qf7 27. b4 Nc7
28. a4 Na6 29. Kh1 Be7 30. Qh3 Qe8 31. Ng4 Qf7 32. Nh2 Qe8 33. Nf3 Qf7 34. a5
Qe8 35. Kh2 Qf7 36. Kh1 Qe8 37. Nh2 Qf7 38. Ng4 Qe8 39. Be1 Qf7 40. Ra2 Rg5 41.
Kg2 Rg8 42. Kf3 Qe8 43. Bh4 Qf7 44. Rb2 Rc8 45. Be1 Rg8 46. Bd2 1/2-1/2

[Event "VL 2016/17"]
[Site "Mecklenburg/Vorpommern"]
[Date "2016.12.04"]
[Round "4.2"]
[White "Kliewe, Hans Juergen"]
[Black "Witkowski, Rainer"]
[Result "1/2-1/2"]
[WhiteElo "1963"]
[BlackElo "1858"]
[PlyCount "96"]
[EventType "team-tourn"]
[EventRounds "9"]
[SourceDate "2016.10.16"]
[WhiteTeam "ASV Wismar"]
[BlackTeam "SG Neubrandenburg"]

1. d4 e6 2. Nf3 d5 3. Bf4 Bd6 4. Bg3 Nf6 5. e3 b6 6. Bd3 Ba6 7. Bxa6 Nxa6 8. c3
O-O 9. Nbd2 c5 10. Ne5 b5 11. a3 Nb8 12. O-O a5 13. Bh4 Ra6 14. Qf3 Nc6 15. Ng4
Be7 16. Nxf6+ Bxf6 17. Bxf6 Qxf6 18. Qxf6 gxf6 19. dxc5 a4 20. Nf3 Na5 21. Nd4
Nb3 22. Nxb3 axb3 23. Rfd1 Ra4 24. Rd4 Rc4 25. Rad1 Rc8 26. Kf1 R8xc5 27. Ke2
f5 28. f3 Kg7 29. f4 Kg6 30. h3 h5 31. Kf3 Rc8 32. g4 hxg4+ 33. hxg4 fxg4+ 34.
Kxg4 Rh8 35. R4d2 Re4 36. Re2 e5 37. Rxd5 f5+ 38. Kf3 exf4 39. Rg2+ Kf6 40.
exf4 Rh3+ 41. Kf2 Rxf4+ 42. Kg1 Rfh4 43. Rxb5 f4 44. Rxb3 f3 45. Rg8 Re4 46. c4
Re1+ 47. Kf2 Re2+ 48. Kg1 Re1+ 1/2-1/2

[Event "VL 2016/17"]
[Site "Mecklenburg/Vorpommern"]
[Date "2016.12.04"]
[Round "4.3"]
[White "Winkler, Karl"]
[Black "Stutz, Reno"]
[Result "0-1"]
[WhiteElo "1844"]
[BlackElo "1951"]
[PlyCount "88"]
[EventType "team-tourn"]
[EventRounds "9"]
[SourceDate "2016.10.16"]
[WhiteTeam "SG Neubrandenburg"]
[BlackTeam "ASV Wismar"]

1. e4 d5 2. exd5 Nf6 3. Nc3 Nxd5 4. Nxd5 Qxd5 5. Qf3 Qa5 6. Bc4 e6 7. Ne2 Nc6
8. Bb3 Bd6 9. O-O O-O 10. d4 Nxd4 11. Nxd4 Qe5 12. g3 Qxd4 13. c3 Qb6 14. Be3
Bc5 15. Bxc5 Qxc5 16. Rad1 Rb8 17. Rd4 b5 18. Bc2 Bb7 19. Qd3 g6 20. Qd2 e5 21.
Rh4 Qd5 22. Qxd5 Bxd5 23. Re1 Rfe8 24. Be4 c6 25. b3 f5 26. Bxd5+ cxd5 27. Rd1
Red8 28. Kg2 a5 29. a4 b4 30. cxb4 Rxb4 31. Rxb4 axb4 32. Rc1 d4 33. Kf3 Kf7
34. Ke2 Ke6 35. Rc4 Rb8 36. f3 Kd5 37. Rc7 h5 38. Kd2 Rb6 39. Rd7+ Rd6 40. Rb7
e4 41. f4 e3+ 42. Kd3 Re6 43. Rb5+ Kc6 44. Ke2 d3+ 0-1

[Event "VL 2016/17"]
[Site "Mecklenburg/Vorpommern"]
[Date "2016.12.04"]
[Round "4.4"]
[White "Schulz, Bernd"]
[Black "Baier, Karsten"]
[Result "0-1"]
[WhiteElo "1875"]
[BlackElo "1839"]
[PlyCount "94"]
[EventType "team-tourn"]
[EventRounds "9"]
[SourceDate "2016.10.16"]
[WhiteTeam "ASV Wismar"]
[BlackTeam "SG Neubrandenburg"]

1. e4 e5 2. Nf3 Nc6 3. Bb5 d6 4. d4 exd4 5. Nxd4 Bd7 6. Nxc6 bxc6 7. Ba4 Nf6 8.
O-O Be7 9. Nc3 O-O 10. f4 d5 11. e5 Bc5+ 12. Kh1 Ng4 13. Qe1 Nh6 14. Nd1 Rb8
15. Rb1 Rb4 16. Nc3 d4 17. a3 Rb8 18. Ne2 Bb6 19. Ng3 Qh4 20. Ne4 Qh5 21. Qg3
Kh8 22. Qg5 Qxg5 23. Nxg5 Bf5 24. Bd2 c5 25. Bb3 f6 26. exf6 Rxf6 27. Rbe1 Rbf8
28. h3 Bd7 29. g4 Bb5 30. Rg1 c4 31. Ba2 Bc6+ 32. Kh2 Bd5 33. Re5 c6 34. Ne4
Re6 35. Rxe6 Bxe6 36. f5 Bc7+ 37. Kg2 Bd5 38. Kf3 Re8 39. Re1 Nf7 40. Bf4 Nd6
41. Bxd6 Bxd6 42. Bb1 h5 43. Re2 Kh7 44. Re1 h4 45. Re2 g6 46. Re1 gxf5 47.
gxf5 Re5 0-1

[Event "VL 2016/17"]
[Site "Mecklenburg/Vorpommern"]
[Date "2016.12.04"]
[Round "4.5"]
[White "Hartung, Lothar"]
[Black "Podolskiy, Alexander"]
[Result "1-0"]
[WhiteElo "1799"]
[BlackElo "1871"]
[PlyCount "47"]
[EventType "team-tourn"]
[EventRounds "9"]
[SourceDate "2016.10.16"]
[WhiteTeam "SG Neubrandenburg"]
[BlackTeam "ASV Wismar"]

1. d4 d5 2. Bf4 Bf5 3. e3 e6 4. h4 Nf6 5. Be2 h6 6. Nd2 Be7 7. g4 Bg6 8. Bg3
Nbd7 9. Bf3 Bd6 10. Bxd6 cxd6 11. c3 Ne4 12. Ne2 Qb6 13. Bxe4 Bxe4 14. f3 Bh7
15. Nb3 O-O-O 16. a4 e5 17. a5 Qb5 18. Kf2 g5 19. a6 b6 20. Nd2 f5 21. c4 dxc4
22. Nxc4 Nf6 23. dxe5 dxe5 24. Nd6+ 1-0

[Event "VL 2016/17"]
[Site "Mecklenburg/Vorpommern"]
[Date "2016.12.04"]
[Round "4.6"]
[White "Junggebauer, Thomas"]
[Black "Lange, Ingo"]
[Result "1-0"]
[WhiteElo "1849"]
[BlackElo "1729"]
[PlyCount "76"]
[EventType "team-tourn"]
[EventRounds "9"]
[SourceDate "2016.10.16"]
[WhiteTeam "ASV Wismar"]
[BlackTeam "SG Neubrandenburg"]

1. e4 c6 2. d4 d5 3. Nc3 dxe4 4. Nxe4 Bf5 5. Ng3 Bg6 6. Nf3 Nd7 7. h4 h6 8. Bd3
Bxd3 9. Qxd3 e6 10. Bd2 Ngf6 11. O-O-O Bd6 12. Rh3 Qc7 13. Kb1 O-O-O 14. c4 Bf4
15. Ne2 Bxd2 16. Qxd2 Rhe8 17. Qc2 Nh5 18. a3 Qa5 19. Rhh1 Qf5 20. Qxf5 exf5
21. Rhe1 Nhf6 22. Nf4 Ne4 23. Nd3 f6 24. Kc1 g5 25. Re2 Nc3 26. Rxe8 Na2+ 27.
Kb1 Nc3+ 28. bxc3 Rxe8 29. c5 Re4 30. Kc2 Nf8 31. Nd2 Re2 32. Ra1 a6 33. Kd1
Re8 34. Nc4 Kc7 35. Nd6 Re6 36. Nxf5 gxh4 37. Nxh4 Re4 38. Nf5 Nh7 1-0

[Event "VL 2016/17"]
[Site "Mecklenburg/Vorpommern"]
[Date "2016.12.04"]
[Round "4.7"]
[White "Rehbein, Hans Juergen"]
[Black "Borchert, Ulf"]
[Result "1/2-1/2"]
[WhiteElo "1730"]
[BlackElo "1830"]
[PlyCount "21"]
[EventType "team-tourn"]
[EventRounds "9"]
[SourceDate "2016.10.16"]
[WhiteTeam "SG Neubrandenburg"]
[BlackTeam "ASV Wismar"]

1. Nf3 d5 2. b3 Bf5 3. g3 e6 4. Bb2 Nf6 5. Bg2 Bd6 6. O-O Nbd7 7. d3 h5 8. Nh4
Bh7 9. Qd2 Be7 10. Nf3 Nf8 11. c4 1/2-1/2

[Event "VL 2016/17"]
[Site "Mecklenburg/Vorpommern"]
[Date "2016.12.04"]
[Round "4.8"]
[White "Bahr, Enrico"]
[Black "Suckow, Ingo"]
[Result "1/2-1/2"]
[WhiteElo "1827"]
[BlackElo "1748"]
[PlyCount "87"]
[EventType "team-tourn"]
[EventRounds "9"]
[SourceDate "2016.10.16"]
[WhiteTeam "ASV Wismar"]
[BlackTeam "SG Neubrandenburg"]

1. d4 Nf6 2. Nf3 e6 3. Bg5 d5 4. e3 Nbd7 5. Bd3 Bd6 6. Nbd2 O-O 7. e4 Be7 8. e5
Ne8 9. h4 f6 10. exf6 Bxf6 11. Qe2 Qe7 12. O-O-O c5 13. c3 cxd4 14. cxd4 Rf7
15. Rde1 Nf8 16. Kb1 Qb4 17. Nb3 b6 18. Bd2 Qd6 19. g4 g6 20. g5 Bh8 21. Ne5
Bxe5 22. dxe5 Qe7 23. h5 Ng7 24. hxg6 Nxg6 25. Nd4 Bd7 26. Rh6 Raf8 27. f3 Nf5
28. Bxf5 Rxf5 29. Nxf5 Rxf5 30. Reh1 Nf8 31. f4 Be8 32. Rf6 Bg6 33. Ka1 Nd7 34.
Rxf5 Bxf5 35. a3 Nc5 36. Bb4 Qd7 37. Bxc5 bxc5 38. Rc1 c4 39. Rd1 Qa4 40. Rc1
a5 41. Qd2 Qb5 42. Qd4 Qa4 43. Rg1 Bg6 44. Rc1 1/2-1/2

[Event "VL 2016/17"]
[Site "Mecklenburg/Vorpommern"]
[Date "2016.12.04"]
[Round "4.2"]
[White "Jeske, Holger"]
[Black "Hornych, Christoph"]
[Result "1/2-1/2"]
[WhiteElo "1852"]
[BlackElo "2035"]
[PlyCount "46"]
[EventType "team-tourn"]
[EventRounds "9"]
[SourceDate "2016.10.16"]
[WhiteTeam "SSC Rostock II"]
[BlackTeam "SF Schwerin II"]

1. Nf3 Nf6 2. b3 e6 3. Bb2 Be7 4. g3 b6 5. Bg2 Bb7 6. O-O O-O 7. d3 d5 8. Nbd2
Nbd7 9. e4 dxe4 10. Ng5 Nc5 11. Ngxe4 Nfxe4 12. Nxe4 Nxe4 13. dxe4 Qxd1 14.
Raxd1 Rad8 15. Be5 Rxd1 16. Rxd1 Rd8 17. Rxd8+ Bxd8 18. f3 f6 19. Bf4 Kf7 20.
Kf2 g5 21. Be3 Kg6 22. Bf1 f5 23. exf5+ exf5 1/2-1/2

[Event "VL 2016/17"]
[Site "Mecklenburg/Vorpommern"]
[Date "2016.12.04"]
[Round "4.3"]
[White "Westphal, Wolfgang"]
[Black "Schumann, Rabea"]
[Result "1-0"]
[WhiteElo "2057"]
[BlackElo "1803"]
[PlyCount "67"]
[EventType "team-tourn"]
[EventRounds "9"]
[SourceDate "2016.10.16"]
[WhiteTeam "SF Schwerin II"]
[BlackTeam "SSC Rostock II"]

1. e4 c5 2. Nf3 Nc6 3. Bb5 g6 4. O-O Bg7 5. c3 e6 6. d4 cxd4 7. cxd4 Qb6 8.
Bxc6 bxc6 9. Nc3 Nf6 10. b3 Ba6 11. Re1 O-O 12. Ba3 Rfc8 13. e5 Nd5 14. Na4 Qa5
15. Bd6 Bf8 16. Qc1 Bxd6 17. exd6 Kg7 18. h4 Bd3 19. Nc5 Bf5 20. h5 h6 21. hxg6
Bxg6 22. Ne5 Nf6 23. Qf4 Qd8 24. Nxg6 fxg6 25. Rxe6 dxe6 26. Nxe6+ Kf7 27.
Nxd8+ Rxd8 28. Re1 Re8 29. Re5 g5 30. Qf3 Rad8 31. Qxc6 Re6 32. Rxe6 Kxe6 33.
d7+ Ke7 34. d5 {ZÜ} 1-0

[Event "VL 2016/17"]
[Site "Mecklenburg/Vorpommern"]
[Date "2016.12.04"]
[Round "4.4"]
[White "Herde, Dittmar"]
[Black "Hasselmann, Dieter"]
[Result "0-1"]
[WhiteElo "1829"]
[BlackElo "2028"]
[PlyCount "128"]
[EventType "team-tourn"]
[EventRounds "9"]
[SourceDate "2016.10.16"]
[WhiteTeam "SSC Rostock II"]
[BlackTeam "SF Schwerin II"]

1. d4 Nf6 2. c4 e6 3. Nf3 b6 4. Nc3 Bb7 5. Bg5 Bb4 6. e3 Bxc3+ 7. bxc3 d6 8.
Qb3 Nbd7 9. Rd1 Qe7 10. d5 e5 11. Nd2 h6 12. Bxf6 Qxf6 13. Be2 O-O 14. Qc2 Nc5
15. O-O Bc8 16. e4 Bd7 17. f3 Qg5 18. Rf2 Rae8 19. Rdf1 Qe3 20. Nb3 Na4 21. Rc1
f5 22. Qd2 Qxd2 23. Nxd2 f4 24. Bd1 Nc5 25. Bc2 a5 26. Nb1 Rb8 27. Na3 g5 28.
Nb5 Bxb5 29. cxb5 Kf7 30. g3 h5 31. Kg2 Rh8 32. Rh1 Rbg8 33. Kf1 Rg7 34. Rg1
Kf6 35. Rfg2 g4 36. Kf2 Rhg8 37. c4 Kg5 38. h3 gxh3 39. gxf4+ Kf6 40. fxe5+
dxe5 41. Rxg7 Rxg7 42. Rxg7 Kxg7 43. Kg3 Kf6 44. Kxh3 Kg5 45. Bd1 Nd3 46. Kg2
Kf4 47. Be2 Nc5 48. Kf2 h4 49. Bf1 Na4 50. Bh3 Nc3 51. Bf1 Na4 52. Bh3 Nc5 53.
Bf1 a4 54. a3 Nd7 55. Bh3 Nc5 56. Bf1 Nb7 57. Bh3 Nd6 58. Bf1 h3 59. Be2 h2 60.
Kg2 Ke3 61. Bf1 h1=Q+ 62. Kxh1 Kxf3 63. Kg1 Kxe4 64. Kf2 Kd4 0-1

[Event "VL 2016/17"]
[Site "Mecklenburg/Vorpommern"]
[Date "2016.12.04"]
[Round "4.5"]
[White "Wandel, Bernd"]
[Black "Nour, Alaa"]
[Result "1-0"]
[WhiteElo "1982"]
[BlackElo "2008"]
[PlyCount "69"]
[EventType "team-tourn"]
[EventRounds "9"]
[SourceDate "2016.10.16"]
[WhiteTeam "SF Schwerin II"]
[BlackTeam "SSC Rostock II"]

1. d4 e6 2. c4 d5 3. Nc3 Nf6 4. Bg5 Be7 5. e3 O-O 6. Nf3 Nbd7 7. Qc2 h6 8. h4
c5 9. O-O-O cxd4 10. exd4 dxc4 11. Bxf6 Nxf6 12. Ne5 a6 13. g4 Nd7 14. g5 h5
15. Bxc4 Qa5 16. Qe4 Nxe5 17. dxe5 g6 18. Kb1 Rb8 19. Rhe1 Bb4 20. Re3 b5 21.
Bb3 Bb7 22. Qc2 Rbc8 23. Bxe6 Rc7 24. Qxg6+ Kh8 25. Qxh5+ Kg7 26. Qh6+ Kg8 27.
Qg6+ Kh8 28. Qh6+ Kg8 29. Bf5 Ra8 30. Bh7+ Kh8 31. Ne4 Bf8 32. Qh5 Kg7 33. Bf5
Bc5 34. Qh6+ Kg8 35. Nf6# 1-0